Statistics for IIHF World Championship 2023 Qualifiers

Click here to take the quiz!

General Stats

  • This quiz has been taken 108 times
  • The average score is 15 of 16

Answer Stats

RoleGroupPlacement
(edited in after)
Answer% Correct
QualifierB1stCanada
98%
Host (Also Qualifies)A7thFinland
98%
QualifierB13thNorway
98%
QualifierA6thSweden
98%
QualifierA2ndGermany
96%
QualifierA4thUnited States of America
96%
Host (Also Qualifies)B3rdLatvia
95%
QualifierB5thSwitzerland
95%
QualifierB8thCzech Republic
93%
QualifierA12thFrance
93%
QualifierB9thSlovakia
93%
QualifierA14thAustria
89%
QualifierA10thDenmark
89%
QualifierB16thSlovenia
89%
QualifierA15thHungary
87%
QualifierB11thKazakhstan
85%

Score Distribution

Percentile by Number Answered

Percent of People with Each Score

Your Score History

You have not taken this quiz